[Event "2. BUNDESLIGA MITTE 2019/2020"]
[Site "Taufkirchen"]
[Date "2019.11.10"]
[Round "6"]
[Board "2"]
[White "Drnovsek, Gal"]
[Black "Kilgus, Georg"]
[Result "0-1"]
[WhiteElo "2394"]
[BlackElo "2438"]
[PlyCount "100"]
[EventDate "2019.10.11"]
[EventType "team"]
[EventRounds "11"]
[EventCountry "AUT"]
[WhiteTeam "SV Aspernig Transporte St. Veit 2"]
[BlackTeam "SPG Sparkasse SEDDA Grieskirchen/Schalle"]

1. d4 Nf6 2. c4 e6 3. Nc3 Bb4 4. Qc2 O-O 5. Nf3 d5 6. Bg5 c5 7. dxc5 h6 8. Bxf6
Qxf6 9. e3 dxc4 10. Bxc4 Bd7 11. O-O Bxc3 12. bxc3 Bc6 13. Nd4 Qg5 14. Nxc6
Nxc6 15. Qe4 Qxc5 16. Rab1 b6 17. h4 Rad8 18. Bd3 g6 19. Rb5 Qxc3 20. Rb3 Qc5
21. h5 Ne7 22. hxg6 Nxg6 23. Rb5 Qc3 24. Bb1 Rd6 25. Qg4 Kg7 26. Rb3 Qf6 27. f4
Qh4 28. Qf3 Ne7 29. e4 Rfd8 30. Rb5 Ng6 31. f5 exf5 32. Rxf5 f6 33. Bc2 Ne5 34.
Qe3 Qh2+ 35. Kxh2 Ng4+ 36. Kh3 Nxe3 37. e5 Nxf1 38. exd6 Ne3 39. Rf2 Rxd6 40.
Bb3 h5 41. Kg3 Rd2 42. Rxd2 Nf1+ 43. Kh4 Nxd2 44. Bd1 b5 45. Bxh5 b4 46. Bd1
Ne4 47. Bc2 Nc3 48. Bb3 a5 49. Kg4 a4 50. Bc4 Nxa2  0-1

[Event "2. BUNDESLIGA MITTE 2019/2020"]
[Site "Taufkirchen"]
[Date "2019.11.10"]
[Round "6"]
[Board "3"]
[White "Schwabeneder, Florian"]
[Black "Mazi, Leon"]
[Result "1-0"]
[WhiteElo "2401"]
[BlackElo "2326"]
[PlyCount "61"]
[EventDate "2019.10.11"]
[EventType "team"]
[EventRounds "11"]
[EventCountry "AUT"]
[WhiteTeam "SPG Sparkasse SEDDA Grieskirchen/Schalle"]
[BlackTeam "SV Aspernig Transporte St. Veit 2"]

1. c4 c5 2. g3 g6 3. Bg2 Bg7 4. Nc3 Nc6 5. b3 d6 6. Bb2 e5 7. d3 Nge7 8. Qd2
Be6 9. Nd5 h6 10. e3 Qd7 11. Ne2 f5 12. O-O O-O 13. f4 Kh7 14. a3 Rae8 15. b4
b6 16. Nec3 Ng8 17. b5 Nce7 18. a4 Nf6 19. fxe5 dxe5 20. e4 Nfxd5 21. cxd5 Bg8
22. Bh3 Nc8 23. Nd1 c4 24. Ne3 cxd3 25. exf5 Kh8 26. Qxd3 Nd6 27. f6 Qxh3 28.
fxg7+ Kxg7 29. Rxf8 Kxf8 30. Qxg6 Nf7 31. Ba3+  1-0

[Event "2. BUNDESLIGA MITTE 2019/2020"]
[Site "Taufkirchen"]
[Date "2019.11.10"]
[Round "6"]
[Board "4"]
[White "Dietmayer-Kraeutler, Marco"]
[Black "Webersberger, Johann"]
[Result "1/2-1/2"]
[WhiteElo "2342"]
[BlackElo "2367"]
[PlyCount "44"]
[EventDate "2019.10.11"]
[EventType "team"]
[EventRounds "11"]
[EventCountry "AUT"]
[WhiteTeam "SV Aspernig Transporte St. Veit 2"]
[BlackTeam "SPG Sparkasse SEDDA Grieskirchen/Schalle"]

1. d4 Nf6 2. c4 e6 3. Nc3 Bb4 4. Qc2 O-O 5. a3 Bxc3+ 6. Qxc3 d5 7. cxd5 Ne4 8.
Qc2 exd5 9. Bf4 Nc6 10. e3 Re8 11. Bb5 Bd7 12. Bxc6 Bxc6 13. Ne2 Bb5 14. O-O c6
15. Rfc1 Qh4 16. Nc3 Nxc3 17. Qxc3 Qf6 18. Be5 Qh4 19. Bg3 Qf6 20. Be5 Qh4 21.
Bg3 Qf6 22. Be5 Qh4  1/2-1/2

[Event "2. BUNDESLIGA MITTE 2019/2020"]
[Site "Taufkirchen"]
[Date "2019.11.10"]
[Round "6"]
[Board "5"]
[White "Singer, Christoph"]
[Black "Ragger, Anna-Christina"]
[Result "1-0"]
[WhiteElo "2338"]
[BlackElo "2238"]
[PlyCount "143"]
[EventDate "2019.10.11"]
[EventType "team"]
[EventRounds "11"]
[EventCountry "AUT"]
[WhiteTeam "SPG Sparkasse SEDDA Grieskirchen/Schalle"]
[BlackTeam "SV Aspernig Transporte St. Veit 2"]

1. e4 c6 2. d4 d5 3. exd5 cxd5 4. Nf3 Nc6 5. Be2 Nf6 6. O-O Bg4 7. c3 e6 8.
Nbd2 Bd6 9. Re1 O-O 10. Nf1 Qc7 11. a3 Rab8 12. Ng3 b5 13. Ne5 Bxe2 14. Qxe2
Bxe5 15. dxe5 Nd7 16. f4 d4 17. Ne4 dxc3 18. bxc3 Ne7 19. a4 a6 20. axb5 axb5
21. Ba3 Rfe8 22. Kh1 Nf5 23. Bd6 Nxd6 24. Nxd6 Red8 25. Nxb5 Qc6 26. c4 Nc5 27.
Nd6 Ra8 28. h3 g6 29. Kh2 Rdb8 30. Rxa8 Qxa8 31. Rd1 h5 32. Qf2 Qa5 33. Rd2 Qc3
34. Qd4 Qxd4 35. Rxd4 h4 36. Nb5 Ra8 37. Kg1 Ra2 38. Kf1 Kg7 39. Nd6 Rc2 40.
Ne8+ Kh6 41. Nf6 Nb3 42. Rd8 Rxc4 43. Rh8+ Kg7 44. Rh7+ Kf8 45. Rxh4 Nd4 46. g4
Nf3 47. Rh8+ Kg7 48. Rh7+ Kf8 49. g5 Ke7 50. Rh8 Nxe5 51. Re8+ Kd6 52. fxe5+
Kxe5 53. Re7 Kf5 54. Rxf7 Kxg5 55. Ng4 Kh4 56. Kg2 Rc2+ 57. Nf2 Ra2 58. Rf4+
Kg5 59. Kg3 Ra3+ 60. Rf3 Rxf3+ 61. Kxf3 Kh4 62. Kg2 e5 63. Ng4 e4 64. Ne3 g5
65. Ng4 Kh5 66. Kg3 Kg6 67. Ne3 Kf6 68. Kg4 Kg6 69. Nd5 Kh6 70. Nc3 e3 71. Ne2
Kg6 72. Ng3  1-0

[Event "2. BUNDESLIGA MITTE 2019/2020"]
[Site "Taufkirchen"]
[Date "2019.11.10"]
[Round "6"]
[Board "6"]
[White "Hebesberger, Thomas"]
[Black "Lentrodt, Thomas"]
[Result "0-1"]
[WhiteElo "2241"]
[BlackElo "2251"]
[PlyCount "87"]
[EventDate "2019.10.11"]
[EventType "team"]
[EventRounds "11"]
[EventCountry "AUT"]
[WhiteTeam "SV Aspernig Transporte St. Veit 2"]
[BlackTeam "SPG Sparkasse SEDDA Grieskirchen/Schalle"]

1. d4 Nf6 2. Bg5 e6 3. e4 h6 4. Bxf6 Qxf6 5. c3 c5 6. Nf3 cxd4 7. cxd4 Bb4+ 8.
Nc3 O-O 9. Bd3 Nc6 10. e5 Qd8 11. Qe2 d5 12. O-O f5 13. exf6 Qxf6 14. Rad1 Bd6
15. Bb1 g5 16. Rfe1 Rf7 17. h3 Qg7 18. a3 Bd7 19. Nb5 Bb8 20. Ne5 Nxe5 21. dxe5
Bxb5 22. Qxb5 Bxe5 23. Qe2 Bd4 24. Rf1 e5 25. Ba2 Rd8 26. Kh1 Qf6 27. Qg4 Kg7
28. Rd3 Qf4 29. Qe6 Qf5 30. Qxf5 Rxf5 31. f3 Rf6 32. Rc1 Rc6 33. Rxc6 bxc6 34.
Rb3 Bb6 35. Rc3 Rd6 36. g4 Kf6 37. Kg2 Ke7 38. Kf1 Rf6 39. Ke2 e4 40. Bb1 d4
41. Rc4 Rxf3 42. Rxc6 Rxh3 43. Kd2 Rh2+ 44. Kd1  0-1

[Event "2. BUNDESLIGA MITTE 2019/2020"]
[Site "Taufkirchen"]
[Date "2019.11.10"]
[Round "6"]
[Board "1"]
[White "Kadric, Denis"]
[Black "Renner, Christoph"]
[Result "1/2-1/2"]
[WhiteElo "2588"]
[BlackElo "2311"]
[PlyCount "85"]
[EventDate "2019.10.11"]
[EventType "team"]
[EventRounds "11"]
[EventCountry "AUT"]
[WhiteTeam "SC Pinggau-Friedberg"]
[BlackTeam "SPG Sauwald"]

1. e4 e5 2. Nf3 Nc6 3. Bc4 Bc5 4. O-O d6 5. c3 Bb6 6. d3 Bg4 7. Nbd2 Qf6 8. a4
Nge7 9. Qe1 Ng6 10. Kh1 Nf4 11. b4 a5 12. b5 Ne7 13. Ng1 h5 14. g3 Nh3 15. f3
Bd7 16. Ne2 h4 17. f4 hxg3 18. Qxg3 O-O-O 19. Nf3 exf4 20. Bxf4 Rh5 21. Nfd4
Nxf4 22. Qxf4 Rdh8 23. Rf2 d5 24. Qxf6 gxf6 25. exd5 Bg4 26. d6 cxd6 27. Bxf7
R5h7 28. Rg2 f5 29. Be6+ Kb8 30. Re1 Rh6 31. Ng1 Bxd4 32. cxd4 Ng6 33. Rd2 Nf4
34. Bf7 Kc7 35. b6+ Kd8 36. Rc1 d5 37. Rf1 Ne2 38. Rf2 Nxd4 39. Bxd5 Rxb6 40.
Rf4 Rb4 41. Bxb7 Kc7 42. Bg2 Kd6 43. Ra2  1/2-1/2

[Event "2. BUNDESLIGA MITTE 2019/2020"]
[Site "Taufkirchen"]
[Date "2019.11.10"]
[Round "6"]
[Board "2"]
[White "Testor, Sebastian"]
[Black "Ftacnik, Lubomir"]
[Result "0-1"]
[WhiteElo "2332"]
[BlackElo "2521"]
[PlyCount "78"]
[EventDate "2019.10.11"]
[EventType "team"]
[EventRounds "11"]
[EventCountry "AUT"]
[WhiteTeam "SPG Sauwald"]
[BlackTeam "SC Pinggau-Friedberg"]

1. d4 Nf6 2. Nf3 g6 3. c4 Bg7 4. Nc3 d5 5. Bf4 O-O 6. Rc1 dxc4 7. e4 c5 8. dxc5
Qa5 9. e5 Nh5 10. Be3 Rd8 11. Qa4 Qxa4 12. Nxa4 Nc6 13. Bxc4 Nxe5 14. Nxe5 Bxe5
15. O-O Bf5 16. Nc3 Nf4 17. g3 Nd3 18. Bxd3 Bxd3 19. Rfd1 Bf5 20. Rxd8+ Rxd8
21. Rd1 Rxd1+ 22. Nxd1 Be6 23. a3 Bb3 24. Nc3 a6 25. Kf1 f5 26. Ke2 Kf7 27. Kd3
Bf6 28. f3 e5 29. Ne2 Bd5 30. f4 exf4 31. gxf4 Bxb2 32. Nc3 Bb3 33. a4 Ke6 34.
a5 Ba3 35. Ne2 Kd5 36. Nc3+ Kc6 37. Ne2 Ba4 38. Nd4+ Kd5 39. Nf3 Bb5+  0-1

[Event "2. BUNDESLIGA MITTE 2019/2020"]
[Site "Taufkirchen"]
[Date "2019.11.10"]
[Round "6"]
[Board "3"]
[White "Milanovic, Danilo"]
[Black "Taggatz, Mario"]
[Result "1-0"]
[WhiteElo "2455"]
[BlackElo "2207"]
[PlyCount "85"]
[EventDate "2019.10.11"]
[EventType "team"]
[EventRounds "11"]
[EventCountry "AUT"]
[WhiteTeam "SC Pinggau-Friedberg"]
[BlackTeam "SPG Sauwald"]

1. d4 d5 2. c4 dxc4 3. Nf3 a6 4. e3 Bg4 5. Bxc4 e6 6. d5 Bb4+ 7. Ke2 b5 8. Bb3
e5 9. h3 Bxf3+ 10. gxf3 Bd6 11. a4 Nd7 12. Nc3 b4 13. Ne4 Ngf6 14. Nxd6+ cxd6
15. a5 O-O 16. Bd2 Rb8 17. Bc4 Nc5 18. b3 e4 19. f4 Qd7 20. Bc1 Qf5 21. Bb2
Nfd7 22. Qg1 f6 23. Qg4 Qxg4+ 24. hxg4 h6 25. Bd4 Kf7 26. Rh2 Ra8 27. Rg2 Rh8
28. Rh2 Rhg8 29. f3 Rge8 30. Kf2 exf3 31. Kxf3 Ne4 32. Bd3 Ndc5 33. Bxe4 Nxe4
34. Rc1 Re7 35. Rc4 Nc3 36. Bxc3 bxc3 37. Rc2 Rb7 38. R2xc3 Rb5 39. b4 Rxd5 40.
Rc7+ Kg6 41. Rb7 h5 42. Rcc7 hxg4+ 43. Ke4  1-0

[Event "2. BUNDESLIGA MITTE 2019/2020"]
[Site "Taufkirchen"]
[Date "2019.11.10"]
[Round "6"]
[Board "4"]
[White "Hiermann, Dietmar"]
[Black "Schnider, Gert"]
[Result "0-1"]
[WhiteElo "2239"]
[BlackElo "2423"]
[PlyCount "76"]
[EventDate "2019.10.11"]
[EventType "team"]
[EventRounds "11"]
[EventCountry "AUT"]
[WhiteTeam "SPG Sauwald"]
[BlackTeam "SC Pinggau-Friedberg"]

1. e4 e5 2. Nf3 Nc6 3. Bc4 Bc5 4. c3 Nf6 5. d3 a6 6. Nbd2 Ba7 7. h3 d6 8. Bb3
h6 9. Nf1 Be6 10. Ng3 Qd7 11. Bxe6 Qxe6 12. O-O O-O-O 13. c4 g6 14. Be3 Nd7 15.
Bxa7 Nxa7 16. d4 Qxc4 17. b3 Qb4 18. Rc1 Kb8 19. a4 Qb6 20. d5 Nc5 21. Nd2 Rhf8
22. Rc4 a5 23. Qc2 Nc8 24. Rb1 Na6 25. Rc3 Nb4 26. Qb2 Rd7 27. Nc4 Qa6 28. Qd2
Rh8 29. Nf1 f5 30. exf5 gxf5 31. Nfe3 Ne7 32. Nxa5 Qxa5 33. Rc4 c5 34. dxc6
Nexc6 35. Nxf5 Qd5 36. Qxd5 Nxd5 37. Rd1 Nce7 38. Ng3 Nf6  0-1

[Event "2. BUNDESLIGA MITTE 2019/2020"]
[Site "Taufkirchen"]
[Date "2019.11.10"]
[Round "6"]
[Board "5"]
[White "Mahdy, Khaled"]
[Black "Hellmayr, Alois"]
[Result "1-0"]
[WhiteElo "2376"]
[BlackElo "2242"]
[PlyCount "59"]
[EventDate "2019.10.11"]
[EventType "team"]
[EventRounds "11"]
[EventCountry "AUT"]
[WhiteTeam "SC Pinggau-Friedberg"]
[BlackTeam "SPG Sauwald"]

1. e4 c5 2. Nf3 Nc6 3. Bb5 e5 4. O-O Bd6 5. c3 a6 6. Ba4 b5 7. Bc2 Nge7 8. d4
cxd4 9. cxd4 Nxd4 10. Nxd4 exd4 11. Nd2 Qc7 12. Nf3 Nc6 13. Bb3 O-O 14. h3 Bc5
15. Bd5 Bb7 16. a3 a5 17. Ng5 g6 18. Qg4 h5 19. Qh4 Ne5 20. Ba2 Be7 21. Qg3 d6
22. f4 Nc4 23. f5 Bxg5 24. Qxg5 Qc5 25. Qh6 d3+ 26. Kh1 f6 27. Qxg6+ Kh8 28.
Qxh5+ Kg8 29. Qg6+ Kh8 30. Rf4  1-0

[Event "2. BUNDESLIGA MITTE 2019/2020"]
[Site "Taufkirchen"]
[Date "2019.11.10"]
[Round "6"]
[Board "6"]
[White "Lang, Josef Jun."]
[Black "Schieder, Andreas"]
[Result "1/2-1/2"]
[WhiteElo "2069"]
[BlackElo "2188"]
[PlyCount "105"]
[EventDate "2019.10.11"]
[EventType "team"]
[EventRounds "11"]
[EventCountry "AUT"]
[WhiteTeam "SPG Sauwald"]
[BlackTeam "SC Pinggau-Friedberg"]

1. e4 c5 2. Nc3 g6 3. Nf3 Bg7 4. d4 cxd4 5. Nxd4 d6 6. Bc4 Nf6 7. O-O Nc6 8.
Bb5 Bd7 9. Be3 h5 10. f3 O-O 11. Qd2 Ne5 12. b3 Rc8 13. Rad1 a6 14. Bxd7 Nexd7
15. Nd5 e6 16. Nxf6+ Nxf6 17. c4 d5 18. cxd5 exd5 19. e5 Ne8 20. e6 Nc7 21.
exf7+ Rxf7 22. f4 Qd6 23. f5 Rcf8 24. Bf4 Qb6 25. Be3 Qd6 26. Rfe1 gxf5 27. Bf4
Qb6 28. Qf2 Bxd4 29. Rxd4 Ne6 30. Rd2 Qxf2+ 31. Rxf2 Nxf4 32. Rxf4 Rc8 33. Rd1
Rd8 34. Rfd4 Rfd7 35. Rf4 Rf7 36. Rh4 Kg7 37. Rxh5 Kg6 38. Rh3 f4 39. Kf2 Rc7
40. Rd2 Kf5 41. Rhd3 Ke4 42. Rf3 Rh7 43. Re2+ Kf5 44. h3 Kg5 45. Rd2 d4 46.
Rfd3 Rhd7 47. Rc2 Kf5 48. Kf3 Rd5 49. Rc7 R8d7 50. Rc8 Rd8 51. Rc7 R8d7 52. Rc8
Rd8 53. Rc7  1/2-1/2

[Event "2. BUNDESLIGA MITTE 2019/2020"]
[Site "Taufkirchen"]
[Date "2019.11.10"]
[Round "6"]
[Board "1"]
[White "Gonda, Laszlo"]
[Black "Nemeth, Miklos"]
[Result "1/2-1/2"]
[WhiteElo "2532"]
[BlackElo "2487"]
[PlyCount "133"]
[EventDate "2019.10.11"]
[EventType "team"]
[EventRounds "11"]
[EventCountry "AUT"]
[WhiteTeam "ASK St. Valentin"]
[BlackTeam "SV Steyregg"]

1. d4 Nf6 2. c4 e6 3. Nf3 b6 4. g3 Bb7 5. Bg2 Bb4+ 6. Bd2 a5 7. O-O O-O 8. Bg5
Be7 9. Qc2 Be4 10. Qd2 d6 11. Nc3 Bb7 12. Qc2 Qc8 13. e4 h6 14. Be3 Nbd7 15. h3
e5 16. Rfe1 Re8 17. d5 c6 18. Rac1 cxd5 19. cxd5 Ba6 20. Bf1 Bxf1 21. Rxf1 Qa6
22. a4 Rec8 23. Nd2 Ne8 24. b3 Nc7 25. Qd1 b5 26. Qe2 b4 27. Nb5 Nc5 28. Bxc5
dxc5 29. Ra1 Rcb8 30. Nc4 Nxb5 31. axb5 Qxb5 32. Ra4 Bd8 33. Qh5 f6 34. Rd1 Qd7
35. h4 Ra6 36. Qf3 Qf7 37. h5 Rb7 38. Kg2 Rd7 39. Rh1 Bc7 40. Qf5 Rd8 41. Kf3
Rda8 42. Rh4 Bd6 43. Rg4 Bf8 44. Rh4 Qe8 45. Rh1 Qd8 46. Rd1 Bd6 47. Kg4 R8a7
48. Rda1 Kh8 49. Rc1 Bf8 50. Kf3 Be7 51. Ne3 Bf8 52. Rh1 Rc7 53. Nc4 Rca7 54.
Ke2 Qe8 55. Rd1 Bd6 56. Kd3 Qb8 57. Kc2 Qc7 58. Rda1 Ra8 59. Rh1 Re8 60. Rh4
Bf8 61. Rg4 Bd6 62. Rg6 Bf8 63. Kd3 Bd6 64. Ke3 Bf8 65. Kd3 Bd6 66. Ke3 Bf8 67.
Kd3  1/2-1/2

[Event "2. BUNDESLIGA MITTE 2019/2020"]
[Site "Taufkirchen"]
[Date "2019.11.10"]
[Round "6"]
[Board "2"]
[White "Kovacs, Gabor"]
[Black "Sandhoefner, Florian"]
[Result "1/2-1/2"]
[WhiteElo "2457"]
[BlackElo "2323"]
[PlyCount "97"]
[EventDate "2019.10.11"]
[EventType "team"]
[EventRounds "11"]
[EventCountry "AUT"]
[WhiteTeam "SV Steyregg"]
[BlackTeam "ASK St. Valentin"]

1. c4 Nf6 2. Nf3 c6 3. d4 d5 4. Qc2 dxc4 5. Qxc4 e6 6. Bg5 Be7 7. e3 b6 8. Qc2
O-O 9. Bd3 h6 10. Bxf6 Bxf6 11. O-O Bb7 12. Rd1 Nd7 13. Nc3 Rc8 14. Bh7+ Kh8
15. Be4 Qc7 16. Rac1 a6 17. b4 Rfd8 18. Qb3 Be7 19. h3 Kg8 20. Ne1 Qb8 21. Nd3
Rc7 22. Rb1 Ba8 23. Nf4 Nf6 24. Bd3 Bb7 25. Na4 Qa7 26. Be2 Rdc8 27. Nd3 Bf8
28. Rdc1 Nd7 29. Bf3 Ba8 30. Nf4 c5 31. bxc5 Bxf3 32. gxf3 bxc5 33. d5 exd5 34.
Qxd5 Rb8 35. Kg2 Rcb7 36. Nc3 Nf6 37. Qc6 Rxb1 38. Rxb1 Rxb1 39. Nxb1 Qb8 40.
Nc3 Qb2 41. Ncd5 Nxd5 42. Qxd5 Qc2 43. Nd3 c4 44. Ne5 Qf5 45. Qd4 Qg5+ 46. Kh2
Qf6 47. Kg2 Qg5+ 48. Kh2 Qf6 49. Kg2  1/2-1/2

[Event "2. BUNDESLIGA MITTE 2019/2020"]
[Site "Taufkirchen"]
[Date "2019.11.10"]
[Round "6"]
[Board "3"]
[White "Breneis, Lukas"]
[Black "Meyer, Gordon"]
[Result "1-0"]
[WhiteElo "2240"]
[BlackElo "2211"]
[PlyCount "67"]
[EventDate "2019.10.11"]
[EventType "team"]
[EventRounds "11"]
[EventCountry "AUT"]
[WhiteTeam "ASK St. Valentin"]
[BlackTeam "SV Steyregg"]

1. e4 c5 2. Nf3 Nc6 3. d4 cxd4 4. Nxd4 Nf6 5. Nc3 d6 6. Bc4 e6 7. Be3 Be7 8.
Qe2 a6 9. a4 O-O 10. O-O Qc7 11. f4 Bd7 12. Nb3 Rac8 13. Bd3 Nb4 14. g4 e5 15.
g5 Ng4 16. f5 Nxe3 17. Qxe3 Bd8 18. a5 Bc6 19. g6 d5 20. Qh3 h6 21. gxf7+ Rxf7
22. Nc5 Qe7 23. Ne6 Qh4 24. Qg2 dxe4 25. Nxe4 Nxd3 26. cxd3 Bd5 27. Rac1 Bxe6
28. fxe6 Rxf1+ 29. Rxf1 Bxa5 30. Qg6 Kh8 31. e7 Qxe7 32. Rf7 Rc1+ 33. Kg2 Rc2+
34. Kf3  1-0

[Event "2. BUNDESLIGA MITTE 2019/2020"]
[Site "Taufkirchen"]
[Date "2019.11.10"]
[Round "6"]
[Board "4"]
[White "Enoeckl, Philipp"]
[Black "Heimberger, Reinhard"]
[Result "1-0"]
[WhiteElo "2283"]
[BlackElo "2238"]
[PlyCount "59"]
[EventDate "2019.10.11"]
[EventType "team"]
[EventRounds "11"]
[EventCountry "AUT"]
[WhiteTeam "SV Steyregg"]
[BlackTeam "ASK St. Valentin"]

1. e4 c5 2. d3 Nc6 3. g3 g6 4. Bg2 Bg7 5. f4 d6 6. Nf3 e5 7. O-O Nge7 8. f5
gxf5 9. Nh4 Bf6 10. Qh5 Nd4 11. Na3 Bxh4 12. c3 Ne6 13. Qxh4 Ng6 14. Qxd8+ Nxd8
15. exf5 Ne7 16. Nc4 Kd7 17. d4 cxd4 18. cxd4 Ndc6 19. dxe5 dxe5 20. Bg5 Rf8
21. Rfd1+ Kc7 22. Nxe5 f6 23. Bh6 Rg8 24. Nc4 b5 25. Bf4+ Kb7 26. Nd6+ Kb6 27.
Be3+ Ka5 28. a4 bxa4 29. Rdc1 Bd7 30. Rc5+  1-0

[Event "2. BUNDESLIGA MITTE 2019/2020"]
[Site "Taufkirchen"]
[Date "2019.11.10"]
[Round "6"]
[Board "5"]
[White "Kranzl, Peter"]
[Black "Wiesinger, Robert"]
[Result "1/2-1/2"]
[WhiteElo "2155"]
[BlackElo "2230"]
[PlyCount "63"]
[EventDate "2019.10.11"]
[EventType "team"]
[EventRounds "11"]
[EventCountry "AUT"]
[WhiteTeam "ASK St. Valentin"]
[BlackTeam "SV Steyregg"]

1. e4 e5 2. Nf3 Nc6 3. c3 d5 4. Qa4 f6 5. Bb5 Nge7 6. exd5 Qxd5 7. O-O Bd7 8.
d4 e4 9. Nfd2 f5 10. Nb3 Nc8 11. Qc4 Qxc4 12. Bxc4 Nb6 13. Be2 a5 14. f3 a4 15.
Nc5 exf3 16. Bxf3 Bxc5 17. dxc5 Nc4 18. Re1+ Kd8 19. Bd5 N4e5 20. Rd1 Kc8 21.
Na3 Re8 22. Nc2 Ne7 23. Bf4 N5g6 24. Bg5 Nxd5 25. Rxd5 Re5 26. Rxe5 Nxe5 27.
Be3 Ra6 28. Bd4 Nc4 29. b3 Nd2 30. b4 Rg6 31. Ne1 Bc6 32. Rd1  1/2-1/2

[Event "2. BUNDESLIGA MITTE 2019/2020"]
[Site "Taufkirchen"]
[Date "2019.11.10"]
[Round "6"]
[Board "1"]
[White "Nagy, Gabor"]
[Black "Leisch, Lukas"]
[Result "1-0"]
[WhiteElo "2489"]
[BlackElo "2340"]
[PlyCount "73"]
[EventDate "2019.10.11"]
[EventType "team"]
[EventRounds "11"]
[EventCountry "AUT"]
[WhiteTeam "SPG Fuerstenfeld/Hartberg 2"]
[BlackTeam "SPG Freistadt/Wartberg"]

1. d4 Nf6 2. Nf3 d5 3. c4 e6 4. Nc3 dxc4 5. Qa4+ c6 6. Qxc4 b5 7. Qd3 a6 8. e4
Nbd7 9. e5 Nd5 10. Nxd5 cxd5 11. Be2 Be7 12. O-O b4 13. Ne1 a5 14. Qg3 g6 15.
Bh6 Bf8 16. Qe3 Bxh6 17. Qxh6 Qe7 18. Rc1 Qf8 19. Qe3 Qe7 20. Nf3 O-O 21. Rc7
Rd8 22. Rfc1 Ba6 23. Bxa6 Rxa6 24. h4 Raa8 25. h5 Qe8 26. hxg6 fxg6 27. Qh6 Qf8
28. Qh4 Qf5 29. Ng5 h5 30. R1c6 Nf8 31. Kh2 Rd7 32. Rxd7 Nxd7 33. Nxe6 Nf8 34.
Ng5 Rc8 35. Rf6 Qb1 36. Qf4 h4 37. e6  1-0

[Event "2. BUNDESLIGA MITTE 2019/2020"]
[Site "Taufkirchen"]
[Date "2019.11.10"]
[Round "6"]
[Board "2"]
[White "Ly, Dominik"]
[Black "Pilaj, Herwig"]
[Result "0-1"]
[WhiteElo "2228"]
[BlackElo "2325"]
[PlyCount "106"]
[EventDate "2019.10.11"]
[EventType "team"]
[EventRounds "11"]
[EventCountry "AUT"]
[WhiteTeam "SPG Freistadt/Wartberg"]
[BlackTeam "SPG Fuerstenfeld/Hartberg 2"]

1. c4 g6 2. e4 c5 3. Nf3 Bg7 4. d4 cxd4 5. Nxd4 b6 6. Nc3 Bb7 7. Be3 d6 8. Be2
Nf6 9. f3 O-O 10. O-O Nbd7 11. Qd2 Re8 12. Rac1 Rc8 13. Rfd1 Qc7 14. b3 Qb8 15.
Bf1 a6 16. a3 Ba8 17. Nd5 e6 18. Nc3 Ne5 19. Nc2 Rcd8 20. Na4 b5 21. cxb5 axb5
22. Nb6 d5 23. Bxb5 dxe4 24. Qa5 Bc6 25. f4 Bxb5 26. fxe5 Qxe5 27. Rxd8 Rxd8
28. Nc4 Qd5 29. Nb4 Qd7 30. Ne5 Qe8 31. a4 Bd3 32. Bb6 Ra8 33. Qc5 Nd7 34. Nxd7
Qxd7 35. Qe3 Rb8 36. Kh1 h5 37. Rd1 Qb7 38. a5 Bb5 39. Qc5 Be2 40. Rd2 Rc8 41.
Qxc8+ Qxc8 42. Rd8+ Qxd8 43. Bxd8 Bc3 44. a6 Bxa6 45. Nxa6 e3 46. Bh4 e2 47. b4
g5 48. Bf2 e5 49. b5 e4 50. h4 e3 51. Bg3 e1=Q+ 52. Bxe1 Bxe1 53. Kg1 e2  0-1

[Event "2. BUNDESLIGA MITTE 2019/2020"]
[Site "Taufkirchen"]
[Date "2019.11.10"]
[Round "6"]
[Board "3"]
[White "Kiss, Attila"]
[Black "Mayerhofer, Peter"]
[Result "1/2-1/2"]
[WhiteElo "2335"]
[BlackElo "2174"]
[PlyCount "121"]
[EventDate "2019.10.11"]
[EventType "team"]
[EventRounds "11"]
[EventCountry "AUT"]
[WhiteTeam "SPG Fuerstenfeld/Hartberg 2"]
[BlackTeam "SPG Freistadt/Wartberg"]

1. e4 g6 2. d4 Bg7 3. Nf3 c6 4. Nc3 d5 5. h3 Nf6 6. Bd3 dxe4 7. Nxe4 Nxe4 8.
Bxe4 O-O 9. O-O Be6 10. Bg5 h6 11. Bf4 Bd5 12. Re1 Nd7 13. Qd2 Bxe4 14. Rxe4
Nf6 15. Re2 Kh7 16. c4 e6 17. Be5 Rc8 18. Rd1 b5 19. b3 a6 20. Qb2 Ne8 21. Qc2
Qb6 22. Re3 Qb7 23. Red3 Nf6 24. Qe2 Rfd8 25. Qe3 Nd7 26. Bxg7 Kxg7 27. d5 cxd5
28. cxd5 Nc5 29. Rc3 Nd7 30. dxe6 Nf6 31. Rxd8 Rxd8 32. Qe5 Rc8 33. e7 Qb8 34.
Rxc8 Qxc8 35. Nd4 h5 36. g3 Qd7 37. b4 Qc8 38. a3 Qd7 39. Kh2 Qc8 40. g4 hxg4
41. hxg4 Qh8+ 42. Kg2 Kh7 43. Kf3 Qa8+ 44. Kg3 Ne8 45. Kf4 Qb7 46. Qc5 Qg2 47.
Nf3 f6 48. Ke3 Qxg4 49. Qc6 f5 50. Qxe8 Qe4+ 51. Kd2 Qd5+ 52. Ke3 Qe4+ 53. Kd2
Qd5+ 54. Ke1 Qe4+ 55. Kf1 Qc4+ 56. Kg1 Qg4+ 57. Kh2 Qf4+ 58. Kg1 Qg4+ 59. Kf1
Qc4+ 60. Ke1 Qe4+ 61. Kd2  1/2-1/2

[Event "2. BUNDESLIGA MITTE 2019/2020"]
[Site "Taufkirchen"]
[Date "2019.11.10"]
[Round "6"]
[Board "4"]
[White "Postlmayer, Jakob"]
[Black "Kuba, Guenter"]
[Result "0-1"]
[WhiteElo "2204"]
[BlackElo "2338"]
[PlyCount "76"]
[EventDate "2019.10.11"]
[EventType "team"]
[EventRounds "11"]
[EventCountry "AUT"]
[WhiteTeam "SPG Freistadt/Wartberg"]
[BlackTeam "SPG Fuerstenfeld/Hartberg 2"]

1. c4 e5 2. Nc3 Nf6 3. Nf3 Nc6 4. e3 Bb4 5. Qc2 Bxc3 6. bxc3 O-O 7. e4 d6 8. g3
h6 9. Bg2 Nh7 10. Nh4 Ne7 11. O-O Be6 12. d3 c6 13. Rb1 Qd7 14. a4 f5 15. exf5
Nxf5 16. Nf3 b6 17. a5 Rab8 18. axb6 axb6 19. Re1 Nf6 20. Ba3 Rfc8 21. d4 e4
22. Nd2 d5 23. f3 e3 24. Nf1 dxc4 25. Bc1 Nd5 26. Qb2 b5 27. g4 Nh4 28. Nxe3
Nxe3 29. Bxe3 Bd5 30. Bf4 Ra8 31. Bg3 Nxf3+ 32. Bxf3 Bxf3 33. g5 h5 34. Qf2 Rf8
35. Ra1 Rxa1 36. Rxa1 Qg4 37. h4 Bd5 38. Qh2 Rf3  0-1

[Event "2. BUNDESLIGA MITTE 2019/2020"]
[Site "Taufkirchen"]
[Date "2019.11.10"]
[Round "6"]
[Board "5"]
[White "Stradner, Stefan"]
[Black "Rechberger, Franz"]
[Result "1/2-1/2"]
[WhiteElo "2125"]
[BlackElo "2117"]
[PlyCount "64"]
[EventDate "2019.10.11"]
[EventType "team"]
[EventRounds "11"]
[EventCountry "AUT"]
[WhiteTeam "SPG Fuerstenfeld/Hartberg 2"]
[BlackTeam "SPG Freistadt/Wartberg"]

1. e4 c5 2. Nf3 d6 3. c3 Nf6 4. Be2 Nbd7 5. d3 e5 6. O-O Be7 7. a4 Nf8 8. Na3
Ng6 9. Nc4 O-O 10. Qc2 Qc7 11. d4 exd4 12. cxd4 d5 13. exd5 Nxd5 14. Nce5 cxd4
15. Qxc7 Nxc7 16. Nxg6 hxg6 17. Nxd4 Bf6 18. Nb5 Ne6 19. Bf3 Rd8 20. Be3 a6 21.
Nc3 Nd4 22. Bxd4 Bxd4 23. Rfd1 Be6 24. Bxb7 Rab8 25. Bxa6 Rxb2 26. Ne2 Bb6 27.
Rxd8+ Bxd8 28. h3 Bf6 29. Rc1 Ra2 30. Bb5 Bb3 31. Nc3 Bxc3 32. Rxc3 Bxa4
 1/2-1/2